| 000 | 01149nam a22003135a 4500 | ||
|---|---|---|---|
| 003 | EG-ScBUE | ||
| 005 | 20211205145757.0 | ||
| 008 | 170709s2012 ua f 000 p ara d | ||
| 017 | _a2011 / 2944 | ||
| 020 | _a9789777074486 | ||
| 040 |
_aEG-ScBUE _bara _erda _cEG-ScBUE _dEG-ScBUE |
||
| 082 | 0 | 4 |
_a892.716 _bن ا ج _222 |
| 100 | 1 |
_aناجي، إبراهيم، _d1898-1953، _eمؤلف. |
|
| 245 | 1 | 0 |
_aإبراهيم ناجي : _bالأعمال الشعرية الكاملة / _cتحقيق ودراسة حسن توفيق. |
| 250 | _aطبعة خاصة. | ||
| 264 | 1 |
_aالقاهرة : _bالمجلس الأعلى للثقافة، _c2012. |
|
| 300 |
_a535 صفحة ؛ _c24 سم |
||
| 336 |
_2rdacontent _aنص _btxt |
||
| 337 |
_2rdamedia _aبدون وسيط _bn |
||
| 338 |
_2rdacarrier _aمجلد _bnc |
||
| 590 | _aWessam | ||
| 600 | 1 | 7 |
_aناجي، إبراهيم _d1954-1898 _vدواوين وقصائد. _2BUEsh |
| 650 | 7 |
_aالشعر العربي _zمصر _yقرن 20. _2BUEsh _934630 |
|
| 651 | _2BUEsh | ||
| 653 |
_bARALIT _cJuly2017 |
||
| 655 |
_vReading book _934232 |
||
| 700 | 1 |
_aتوفيق، حسن، _eمحقق. _931566 |
|
| 942 | _2ddc | ||
| 999 |
_c25008 _d24980 |
||